000 00991nam a2200325Ia 4500
003 OSt
005 20220912150218.0
006 a|||||r|||| 00| 0
007 ta
008 220909b |||||||| |||| 00| 0 eng d
020 _a9812531769 (pbk)
024 _a15993
037 _b110/05-06, 20/10/2005, N R Book Distributors
037 _cTextual
040 _aCSL
_beng
_cCSL
041 _aeng
082 _aD65,8(B)91, P6
100 _aSilberschatz Abraham
245 0 _aOperating system principles
250 _a7
260 _aNew Jersey
_b John wiley & sons
_c2006
300 _axx,896p.
_ccm.
500 _aBibliography 831-862p.
_ccm.; Index 863-896p.
_ccm.
650 _a Operating systems
650 _aComputer Science
700 _a Gagne Greg
700 _a Galvin Peter Baer
942 _hD65,8(B)91, P6
_cTEXL
_2CC
999 _c42076
_d42076